Países do Mundo - Em 1 minuto - Statistics

Estatísticas Gerais
  • Esse quiz foi jogado 3 042 vezes
  • A pontuação média é 21 de 196
Respostas no mapa
Respostas codificadas por cores de uma escala verde-vermelha no mapa do quiz de acordo com a % correta abaixo.
 
Estatísticas das Respostas
País % Correto
Brasil
93%
Estados Unidos
74%
Canadá
71%
Argentina
66%
México
63%
Chile
58%
China
53%
Rússia
52%
França
50%
Peru
48%
Uruguai
48%
Paraguai
42%
Bolívia
41%
Espanha
41%
Colômbia
39%
Portugal
38%
Japão
36%
Venezuela
36%
Austrália
35%
Equador
34%
Alemanha
30%
Itália
30%
Guiana
29%
Cuba
27%
Índia
26%
Suriname
23%
Dinamarca
21%
África do Sul
19%
Egito
19%
Panamá
19%
Reino Unido
18%
Irão
15%
Suécia
14%
Haiti
13%
Irlanda
13%
Jamaica
13%
Omã
13%
Argélia
12%
Áustria
12%
Coreia do Sul
12%
Guatemala
12%
Honduras
12%
Islândia
12%
Noruega
12%
República Democrática do Congo
12%
República do Congo
12%
Suíça
12%
Costa Rica
11%
Mongólia
11%
Bélgica
10%
Belize
10%
El Salvador
10%
Marrocos
10%
Níger
10%
Angola
9%
Coreia do Norte
9%
Finlândia
9%
Guiné
9%
Iraque
9%
Nicarágua
9%
Nova Zelândia
9%
Países Baixos
9%
Polônia
9%
Ucrânia
9%
Bahamas
8%
Emirados Árabes Unidos
8%
Fiji
8%
Grécia
8%
Israel
8%
Líbia
8%
Madagáscar
8%
Mali
8%
Sudão
8%
Butão
7%
Chade
7%
Chipre
7%
Iémen
7%
Nigéria
7%
Andorra
6%
Arábia Saudita
6%
Gana
6%
Indonésia
6%
Nepal
6%
Palau
6%
Togo
6%
Tonga
6%
Vaticano
6%
Afeganistão
5%
Albânia
5%
Cazaquistão
5%
Croácia
5%
Estônia
5%
Etiópia
5%
Kiribati
5%
Laos
5%
Lituânia
5%
Malta
5%
Nauru
5%
Samoa
5%
Tailândia
5%
Taiwan
5%
Turquia
5%
Tuvalu
5%
Benim
4%
Catar
4%
Dominica
4%
Lesoto
4%
Mônaco
4%
República Dominicana
4%
Síria
4%
Somália
4%
Vanuatu
4%
Armênia
3%
Barbados
3%
Bielorrússia
3%
Bósnia e Herzegovina
3%
Brunei
3%
Bulgária
3%
Camarões
3%
Comores
3%
Eslováquia
3%
Filipinas
3%
Geórgia
3%
Granada
3%
Guiné-Bissau
3%
Hungria
3%
Kosovo
3%
Kuweit
3%
Letónia
3%
Líbano
3%
Malásia
3%
Maldivas
3%
Namíbia
3%
Papua Nova Guiné
3%
Paquistão
3%
Quênia
3%
Romênia
3%
Senegal
3%
Sérvia
3%
Sri Lanka
3%
Sudão do Sul
3%
Tunísia
3%
Vietname
3%
Zâmbia
3%
Zimbábue
3%
Antígua e Barbuda
2%
Bahrein
2%
Bangladesh
2%
Birmânia
2%
Botswana
2%
Cabo Verde
2%
Camboja
2%
Eslovénia
2%
Estados Federados da Micronésia
2%
Gabão
2%
Gâmbia
2%
Guiné Equatorial
2%
Ilhas Marshall
2%
Ilhas Salomão
2%
Jordânia
2%
Luxemburgo
2%
Malawi
2%
Moçambique
2%
República Centro-Africana
2%
República Checa
2%
San Marino
2%
Santa Lúcia
2%
São Cristóvão e Nevis
2%
São Tomé e Príncipe
2%
São Vicente e Granadinas
2%
Singapura
2%
Trinidad e Tobago
2%
Uganda
2%
Azerbaijão
1%
Burkina Faso
1%
Burundi
1%
Costa do Marfim
1%
Djibouti
1%
Eritreia
1%
Essuatíni
1%
Libéria
1%
Liechtenstein
1%
Macedónia do Norte
1%
Maurícia
1%
Mauritânia
1%
Moldávia
1%
Montenegro
1%
Ruanda
1%
Serra Leoa
1%
Seychelles
1%
Tajiquistão
1%
Tanzânia
1%
Timor-Leste
1%
Uzbequistão
1%
Quirguistão
0%
Turquemenistão
0%
Nenhum quiz correspondente encontrado
Distribuição das Pontuações
Porcentagem de Pessoas com Cada Pontuação
Percentil de Números Respondidos
Sua Pontuação Histórica
Você não jogou esse quiz